[Event "DVM U20 2020"]
[Site "Willingen GER"]
[Date "2021.06.24"]
[Round "2"]
[White "Jurga, Jonas Vincent"]
[Black "Seref, Erdogan"]
[Result "1-0"]
[Termination "normal"]
[Board "2.5"]
[WhiteElo "1907"]
[BlackElo "1985"]
[WhiteClock "00:06:16"]
[BlackClock "00:01:26"]
[WhiteTeam "OSG Baden-Baden"]
[BlackTeam "Schachfreunde Brackel 1930 e. V."]
[PlyCount "83"]
[WhiteFideId "12968013"]
[BlackFideId "16206827"]
[EventCountry "GER"]
[EventRounds "7"]
[EventType "team-swiss"]
[EventDate "2021.06.23"]

1. e4 {[%clk 01:30:56]} e5 {[%clk 01:30:51]} {[%emt 00:00:09]} 2. Nf3 {[%clk
01:31:20]} {[%emt 00:00:06]} Nc6 {[%clk 01:31:13]} {[%emt 00:00:08]} 3. Nc3
{[%clk 01:31:43]} {[%emt 00:00:07]} Nf6 {[%clk 01:31:21]} {[%emt 00:00:22]} 4.
Bb5 {[%clk 01:31:44]} {[%emt 00:00:29]} Bb4 {[%clk 01:31:13]} {[%emt 00:00:39]}
5. O-O {[%clk 01:31:43]} {[%emt 00:00:31]} O-O {[%clk 01:29:52]} {[%emt
00:01:51]} 6. d3 {[%clk 01:31:26]} {[%emt 00:00:47]} d6 {[%clk 01:28:16]}
{[%emt 00:02:06]} 7. Bxc6 {[%clk 01:30:36]} {[%emt 00:01:20]} bxc6 {[%clk
01:28:36]} {[%emt 00:00:10]} 8. Ne2 {[%clk 01:30:55]} {[%emt 00:00:10]} Bc5
{[%clk 01:20:14]} {[%emt 00:08:53]} 9. Ng3 {[%clk 01:30:46]} {[%emt 00:00:39]}
Re8 {[%clk 01:16:55]} {[%emt 00:03:48]} 10. h3 {[%clk 01:20:05]} {[%emt
00:11:11]} Rb8 {[%clk 01:13:26]} {[%emt 00:04:00]} 11. c3 {[%clk 01:10:37]}
{[%emt 00:09:57]} d5 {[%clk 00:58:56]} {[%emt 00:15:01]} 12. Qc2 {[%clk
01:05:01]} {[%emt 00:06:06]} h6 {[%clk 00:47:02]} {[%emt 00:12:24]} 13. b4
{[%clk 00:58:28]} {[%emt 00:07:04]} Bb6 {[%clk 00:47:11]} {[%emt 00:00:19]} 14.
Bb2 {[%clk 00:56:51]} {[%emt 00:02:08]} c5 {[%clk 00:39:19]} {[%emt 00:08:23]}
15. bxc5 {[%clk 00:48:05]} {[%emt 00:09:14]} Bxc5 {[%clk 00:39:37]} {[%emt
00:00:13]} 16. Rad1 {[%clk 00:47:59]} {[%emt 00:00:36]} c6 {[%clk 00:29:43]}
{[%emt 00:10:24]} 17. d4 {[%clk 00:45:22]} {[%emt 00:03:07]} exd4 {[%clk
00:27:26]} {[%emt 00:02:47]} 18. cxd4 {[%clk 00:42:19]} {[%emt 00:03:33]} Bf8
{[%clk 00:26:49]} {[%emt 00:01:07]} 19. e5 {[%clk 00:42:09]} {[%emt 00:00:40]}
Nd7 {[%clk 00:21:21]} {[%emt 00:05:57]} 20. Nh2 {[%clk 00:34:00]} {[%emt
00:08:39]} c5 {[%clk 00:18:38]} {[%emt 00:03:13]} 21. f4 {[%clk 00:32:43]}
{[%emt 00:01:47]} Ba6 {[%clk 00:16:05]} {[%emt 00:03:04]} 22. Rf3 {[%clk
00:30:44]} {[%emt 00:02:29]} Bc4 {[%clk 00:14:23]} {[%emt 00:02:12]} 23. Ng4
{[%clk 00:27:26]} {[%emt 00:03:48]} Qb6 {[%clk 00:11:49]} {[%emt 00:03:04]} 24.
Bc3 {[%clk 00:26:05]} {[%emt 00:01:51]} cxd4 {[%clk 00:11:42]} {[%emt
00:00:37]} 25. Bxd4 {[%clk 00:26:22]} {[%emt 00:00:12]} Bc5 {[%clk 00:12:02]}
{[%emt 00:00:09]} 26. Bxc5 {[%clk 00:26:38]} {[%emt 00:00:15]} Nxc5 {[%clk
00:11:27]} {[%emt 00:01:04]} 27. Kh2 {[%clk 00:26:41]} {[%emt 00:00:28]} Qb2
{[%clk 00:08:30]} {[%emt 00:03:26]} 28. Qf5 {[%clk 00:24:16]} {[%emt 00:02:57]}
Rb6 {[%clk 00:08:01]} {[%emt 00:00:59]} 29. Nh5 {[%clk 00:18:26]} {[%emt
00:06:20]} Ne4 {[%clk 00:07:07]} {[%emt 00:01:24]} 30. Re1 {[%clk 00:14:53]}
{[%emt 00:04:03]} Ree6 {[%clk 00:04:30]} {[%emt 00:03:07]} 31. Rxe4 {[%clk
00:07:53]} {[%emt 00:07:30]} dxe4 {[%clk 00:04:47]} {[%emt 00:00:13]} 32. Rg3
{[%clk 00:06:53]} {[%emt 00:01:30]} Qd4 {[%clk 00:01:08]} {[%emt 00:04:08]} 33.
Ngf6+ {[%clk 00:04:35]} {[%emt 00:02:49]} Kf8 {[%clk 00:00:39]} {[%emt
00:00:59]} 34. Nxg7 {[%clk 00:05:04]} {[%emt 00:00:01]} Ke7 {[%clk 00:00:34]}
{[%emt 00:00:35]} 35. Ng8+ {[%clk 00:04:53]} {[%emt 00:00:41]} Kd8 {[%clk
00:00:34]} {[%emt 00:00:30]} 36. Qxf7 {[%clk 00:04:35]} {[%emt 00:00:47]} Rb1
{[%clk 00:00:40]} {[%emt 00:00:25]} 37. Nxe6+ {[%clk 00:04:40]} {[%emt
00:00:25]} Bxe6 {[%clk 00:01:02]} {[%emt 00:00:08]} 38. Qe7+ {[%clk 00:04:43]}
{[%emt 00:00:27]} Kc8 {[%clk 00:01:19]} {[%emt 00:00:13]} 39. Qxe6+ {[%clk
00:05:11]} {[%emt 00:00:02]} Kb7 {[%clk 00:01:27]} {[%emt 00:00:21]} 40. Rg7+
{[%clk 00:05:32]} {[%emt 00:00:09]} Kb8 {[%clk 00:01:24]} {[%emt 00:00:33]} 41.
Qe8+ {[%clk 00:05:57]} {[%emt 00:00:06]} Qd8 {[%clk 00:01:26]} {[%emt
00:00:28]} 42. Qxd8# {[%clk 00:06:16]} {[%emt 00:00:10]} 1-0

[Event "DVM U20 2020"]
[Site "Willingen GER"]
[Date "2021.06.24"]
[Round "2"]
[White "Bartelt, Max Peter"]
[Black "Martin, Richard"]
[Result "1/2-1/2"]
[Termination "normal"]
[Board "2.6"]
[WhiteElo "1823"]
[BlackElo "1923"]
[WhiteClock "00:16:05"]
[BlackClock "00:12:34"]
[WhiteTeam "Schachfreunde Brackel 1930 e. V."]
[BlackTeam "OSG Baden-Baden"]
[PlyCount "141"]
[WhiteFideId "12967289"]
[BlackFideId "12925691"]
[EventCountry "GER"]
[EventRounds "7"]
[EventType "team-swiss"]
[EventDate "2021.06.23"]

1. d4 {[%clk 01:30:57]} {[%emt 00:00:02]} Nf6 {[%clk 01:30:52]} {[%emt
00:00:11]} 2. Nf3 {[%clk 01:31:23]} e6 {[%clk 01:31:14]} {[%emt 00:00:08]} 3.
g3 {[%clk 01:31:50]} {[%emt 00:00:04]} d5 {[%clk 01:31:31]} {[%emt 00:00:11]}
4. Bg2 {[%clk 01:32:17]} {[%emt 00:00:04]} Bd6 {[%clk 01:31:34]} {[%emt
00:00:27]} 5. O-O {[%clk 01:32:25]} {[%emt 00:00:22]} O-O {[%clk 01:31:58]}
{[%emt 00:00:06]} 6. c4 {[%clk 01:32:54]} {[%emt 00:00:02]} c6 {[%clk
01:32:05]} {[%emt 00:00:23]} 7. Qc2 {[%clk 01:33:16]} {[%emt 00:00:07]} Nbd7
{[%clk 01:31:22]} {[%emt 00:01:13]} 8. Nbd2 {[%clk 01:33:36]} {[%emt 00:00:10]}
e5 {[%clk 01:25:29]} {[%emt 00:06:24]} 9. cxd5 {[%clk 01:31:29]} {[%emt
00:02:37]} cxd5 {[%clk 01:25:01]} {[%emt 00:00:57]} 10. dxe5 {[%clk 01:31:52]}
{[%emt 00:00:08]} Nxe5 {[%clk 01:25:07]} {[%emt 00:00:23]} 11. Nxe5 {[%clk
01:31:13]} {[%emt 00:01:10]} Bxe5 {[%clk 01:25:32]} {[%emt 00:00:04]} 12. Nf3
{[%clk 01:31:38]} {[%emt 00:00:05]} Bd6 {[%clk 01:25:57]} {[%emt 00:00:05]} 13.
b3 {[%clk 01:27:00]} {[%emt 00:05:09]} Be6 {[%clk 01:22:46]} {[%emt 00:03:41]}
14. Bb2 {[%clk 01:26:31]} {[%emt 00:00:58]} Rc8 {[%clk 01:22:20]} {[%emt
00:00:56]} 15. Qd3 {[%clk 01:26:02]} {[%emt 00:00:59]} Be7 {[%clk 01:20:11]}
{[%emt 00:02:40]} 16. Ng5 {[%clk 01:24:25]} {[%emt 00:02:07]} h6 {[%clk
01:16:34]} {[%emt 00:04:06]} 17. Bxf6 {[%clk 01:24:37]} {[%emt 00:00:18]} hxg5
{[%clk 01:17:00]} {[%emt 00:00:03]} 18. Bxe7 {[%clk 01:24:59]} {[%emt
00:00:09]} Qxe7 {[%clk 01:17:27]} {[%emt 00:00:03]} 19. Bxd5 {[%clk 01:24:49]}
{[%emt 00:00:40]} Bxd5 {[%clk 01:17:48]} {[%emt 00:00:10]} 20. Qxd5 {[%clk
01:25:15]} {[%emt 00:00:03]} Rfd8 {[%clk 01:18:10]} {[%emt 00:00:08]} 21. Qf3
{[%clk 01:24:06]} {[%emt 00:01:39]} Rc2 {[%clk 01:18:05]} {[%emt 00:00:35]} 22.
e3 {[%clk 01:23:02]} {[%emt 00:01:35]} Rdd2 {[%clk 01:18:16]} {[%emt 00:00:18]}
23. a4 {[%clk 01:17:54]} {[%emt 00:05:39]} Qf6 {[%clk 01:09:43]} {[%emt
00:09:02]} 24. Qxf6 {[%clk 01:14:11]} {[%emt 00:04:14]} gxf6 {[%clk 01:10:07]}
{[%emt 00:00:06]} 25. b4 {[%clk 01:13:58]} {[%emt 00:00:42]} Rc4 {[%clk
01:10:09]} {[%emt 00:00:28]} 26. b5 {[%clk 01:12:31]} {[%emt 00:01:58]} Rb2
{[%clk 01:09:03]} {[%emt 00:01:35]} 27. Rfc1 {[%clk 01:12:25]} {[%emt
00:00:36]} Rbb4 {[%clk 01:06:38]} {[%emt 00:02:55]} 28. Rxc4 {[%clk 01:11:39]}
{[%emt 00:01:17]} Rxc4 {[%clk 01:07:04]} {[%emt 00:00:04]} 29. Kf1 {[%clk
01:10:39]} {[%emt 00:01:28]} Kf8 {[%clk 01:06:30]} {[%emt 00:01:05]} 30. Ke2
{[%clk 01:08:43]} {[%emt 00:02:25]} Rc2+ {[%clk 01:05:06]} {[%emt 00:01:54]}
31. Ke1 {[%clk 01:09:12]} {[%emt 00:00:02]} Ke7 {[%clk 01:02:47]} {[%emt
00:02:49]} 32. Rd1 {[%clk 01:06:02]} {[%emt 00:03:40]} f5 {[%clk 00:58:46]}
{[%emt 00:04:30]} 33. h4 {[%clk 01:03:59]} {[%emt 00:02:34]} f4 {[%clk
00:56:58]} {[%emt 00:02:18]} 34. Rd2 {[%clk 01:00:12]} {[%emt 00:04:18]} Rc1+
{[%clk 00:56:16]} {[%emt 00:01:11]} 35. Ke2 {[%clk 01:00:35]} {[%emt 00:00:07]}
fxg3 {[%clk 00:56:41]} {[%emt 00:00:06]} 36. fxg3 {[%clk 01:01:00]} {[%emt
00:00:04]} gxh4 {[%clk 00:53:21]} {[%emt 00:03:50]} 37. gxh4 {[%clk 01:01:23]}
{[%emt 00:00:07]} Rh1 {[%clk 00:53:17]} {[%emt 00:00:34]} 38. Rd4 {[%clk
01:01:43]} {[%emt 00:00:10]} f5 {[%clk 00:50:49]} {[%emt 00:02:58]} 39. Kf3
{[%clk 00:56:47]} {[%emt 00:05:26]} Rh3+ {[%clk 00:39:08]} {[%emt 00:12:10]}
40. Kf2 {[%clk 00:55:25]} {[%emt 00:01:53]} Ke6 {[%clk 00:38:24]} {[%emt
00:01:15]} 41. Ke2 {[%clk 00:49:57]} {[%emt 00:05:57]} Rh2+ {[%clk 00:32:48]}
{[%emt 00:06:06]} 42. Kd3 {[%clk 00:50:21]} {[%emt 00:00:06]} Rh3 {[%clk
00:33:15]} {[%emt 00:00:03]} 43. Rb4 {[%clk 00:41:27]} {[%emt 00:09:24]} Kd5
{[%clk 00:30:11]} {[%emt 00:03:34]} 44. a5 {[%clk 00:29:36]} {[%emt 00:12:21]}
Rh1 {[%clk 00:26:28]} {[%emt 00:04:12]} 45. b6 {[%clk 00:28:47]} {[%emt
00:01:21]} axb6 {[%clk 00:13:50]} {[%emt 00:13:09]} 46. Rb5+ {[%clk 00:29:08]}
{[%emt 00:00:08]} Kc6 {[%clk 00:13:45]} {[%emt 00:00:35]} 47. Rxb6+ {[%clk
00:29:36]} {[%emt 00:00:02]} Kc7 {[%clk 00:12:19]} {[%emt 00:01:55]} 48. Rh6
{[%clk 00:29:45]} {[%emt 00:00:21]} Ra1 {[%clk 00:12:10]} {[%emt 00:00:38]} 49.
h5 {[%clk 00:29:05]} {[%emt 00:01:11]} Rxa5 {[%clk 00:12:29]} {[%emt 00:00:12]}
50. Rh8 {[%clk 00:29:25]} {[%emt 00:00:09]} Ra4 {[%clk 00:12:29]} {[%emt
00:00:31]} 51. Rf8 {[%clk 00:29:27]} {[%emt 00:00:27]} Rh4 {[%clk 00:12:25]}
{[%emt 00:00:33]} 52. Rxf5 {[%clk 00:29:52]} {[%emt 00:00:05]} Kc6 {[%clk
00:11:35]} {[%emt 00:01:20]} 53. Rf6+ {[%clk 00:27:19]} {[%emt 00:03:04]} Kc5
{[%clk 00:11:38]} {[%emt 00:00:26]} 54. Rh6 {[%clk 00:26:45]} {[%emt 00:01:06]}
b5 {[%clk 00:11:41]} {[%emt 00:00:27]} 55. Rh8 {[%clk 00:26:03]} {[%emt
00:01:12]} Kd6 {[%clk 00:08:56]} {[%emt 00:03:15]} 56. h6 {[%clk 00:24:51]}
{[%emt 00:01:42]} Ke7 {[%clk 00:09:17]} {[%emt 00:00:09]} 57. h7 {[%clk
00:22:35]} {[%emt 00:02:46]} Kf7 {[%clk 00:09:44]} {[%emt 00:00:03]} 58. e4
{[%clk 00:22:34]} {[%emt 00:00:31]} Kg7 {[%clk 00:08:50]} {[%emt 00:01:24]} 59.
Rb8 {[%clk 00:22:59]} {[%emt 00:00:05]} Rxh7 {[%clk 00:08:58]} {[%emt
00:00:21]} 60. Rxb5 {[%clk 00:22:11]} {[%emt 00:01:18]} Rh6 {[%clk 00:09:21]}
{[%emt 00:00:07]} 61. Rb7+ {[%clk 00:22:28]} {[%emt 00:00:13]} Kf8 {[%clk
00:09:33]} {[%emt 00:00:18]} 62. Kd4 {[%clk 00:22:07]} {[%emt 00:00:51]} Ra6
{[%clk 00:09:52]} {[%emt 00:00:11]} 63. Ke5 {[%clk 00:21:27]} {[%emt 00:01:10]}
Ke8 {[%clk 00:10:00]} {[%emt 00:00:21]} 64. Kf5 {[%clk 00:21:35]} {[%emt
00:00:23]} Ra5+ {[%clk 00:10:13]} {[%emt 00:00:17]} 65. e5 {[%clk 00:21:59]}
{[%emt 00:00:05]} Ra6 {[%clk 00:10:40]} {[%emt 00:00:04]} 66. e6 {[%clk
00:21:24]} {[%emt 00:01:05]} Ra1 {[%clk 00:11:04]} {[%emt 00:00:06]} 67. Rb4
{[%clk 00:16:30]} {[%emt 00:05:24]} Ke7 {[%clk 00:11:25]} {[%emt 00:00:10]} 68.
Re4 {[%clk 00:16:54]} {[%emt 00:00:05]} Rf1+ {[%clk 00:11:46]} {[%emt
00:00:08]} 69. Ke5 {[%clk 00:17:12]} {[%emt 00:00:13]} Ra1 {[%clk 00:12:12]}
{[%emt 00:00:05]} 70. Rb4 {[%clk 00:16:05]} {[%emt 00:01:37]} Ra5+ {[%clk
00:12:34]} {[%emt 00:00:08]} 71. Kd4 {[%emt 00:00:04]} 1/2-1/2

[Event "DVM U20 2020"]
[Site "Willingen GER"]
[Date "2021.06.24"]
[Round "2"]
[White "Vuckovic, Zarko"]
[Black "Woelk, Tom-Frederic"]
[Result "1-0"]
[Termination "normal"]
[Board "3.1"]
[WhiteElo "2241"]
[BlackElo "2245"]
[WhiteClock "00:07:48"]
[BlackClock "00:10:44"]
[WhiteTeam "Schachfreunde Augsburg"]
[BlackTeam "Hamburger SK von 1830"]
[PlyCount "59"]
[WhiteFideId "12952087"]
[BlackFideId "12993077"]
[EventCountry "GER"]
[EventRounds "7"]
[EventType "team-swiss"]
[EventDate "2021.06.23"]

1. e4 {[%clk 01:30:57]} {[%emt 00:00:03]} c5 {[%clk 01:30:43]} {[%emt
00:00:17]} 2. Nf3 {[%clk 01:31:23]} {[%emt 00:00:04]} e6 {[%clk 01:31:09]}
{[%emt 00:00:04]} 3. g3 {[%emt 00:02:02]} Nc6 {[%clk 01:27:44]} {[%emt
00:03:13]} 4. Bg2 {[%clk 01:30:06]} {[%emt 00:00:58]} Nf6 {[%clk 01:27:28]}
{[%emt 00:00:47]} 5. Qe2 {[%clk 01:22:38]} {[%emt 00:07:56]} d5 {[%clk
01:25:26]} {[%emt 00:02:32]} 6. e5 {[%clk 01:16:01]} {[%emt 00:07:08]} Nd7
{[%clk 01:25:09]} {[%emt 00:00:46]} 7. d3 {[%clk 01:12:12]} {[%emt 00:04:19]}
Be7 {[%clk 01:12:26]} {[%emt 00:13:13]} 8. h4 {[%clk 01:03:37]} {[%emt
00:09:06]} O-O {[%clk 01:10:34]} {[%emt 00:02:21]} 9. c4 {[%clk 00:59:52]}
{[%emt 00:04:16]} dxc4 {[%clk 00:54:35]} {[%emt 00:16:29]} 10. dxc4 {[%clk
00:59:44]} {[%emt 00:00:38]} Qc7 {[%clk 00:54:59]} {[%emt 00:00:06]} 11. Bf4
{[%clk 00:58:59]} {[%emt 00:01:15]} Rd8 {[%clk 00:52:37]} {[%emt 00:02:51]} 12.
O-O {[%clk 00:50:02]} {[%emt 00:09:27]} Nd4 {[%clk 00:42:02]} {[%emt 00:11:05]}
13. Nxd4 {[%clk 00:39:44]} {[%emt 00:10:48]} cxd4 {[%clk 00:41:41]} {[%emt
00:00:51]} 14. Nd2 {[%clk 00:40:02]} {[%emt 00:00:12]} Nc5 {[%clk 00:40:49]}
{[%emt 00:01:22]} 15. b4 {[%clk 00:25:25]} {[%emt 00:15:07]} Na4 {[%clk
00:39:10]} {[%emt 00:02:09]} 16. c5 {[%clk 00:24:55]} {[%emt 00:01:00]} a5
{[%clk 00:34:22]} {[%emt 00:05:18]} 17. a3 {[%clk 00:22:52]} {[%emt 00:02:33]}
Nc3 {[%clk 00:33:47]} {[%emt 00:01:05]} 18. Qd3 {[%clk 00:19:33]} {[%emt
00:03:49]} axb4 {[%clk 00:32:43]} {[%emt 00:01:34]} 19. axb4 {[%clk 00:18:41]}
{[%emt 00:01:23]} Rxa1 {[%clk 00:30:54]} {[%emt 00:02:19]} 20. Rxa1 {[%clk
00:19:09]} {[%emt 00:00:01]} Bd7 {[%clk 00:21:28]} {[%emt 00:09:56]} 21. Ra7
{[%clk 00:15:07]} {[%emt 00:04:31]} Bc6 {[%clk 00:21:25]} {[%emt 00:00:33]} 22.
Ne4 {[%clk 00:13:08]} {[%emt 00:02:30]} Nxe4 {[%clk 00:11:24]} {[%emt
00:10:32]} 23. Bxe4 {[%clk 00:13:30]} {[%emt 00:00:05]} Bxe4 {[%clk 00:11:15]}
{[%emt 00:00:41]} 24. Qxe4 {[%clk 00:13:58]} {[%emt 00:00:03]} Rd5 {[%clk
00:11:44]} 25. Ra8+ {[%clk 00:10:01]} {[%emt 00:04:26]} Bf8 {[%clk 00:11:01]}
{[%emt 00:01:13]} 26. Qxd5 {[%clk 00:08:22]} {[%emt 00:02:08]} exd5 {[%clk
00:10:04]} {[%emt 00:01:28]} 27. e6 {[%clk 00:08:45]} {[%emt 00:00:07]} Qxf4
{[%clk 00:10:02]} {[%emt 00:00:32]} 28. gxf4 {[%clk 00:08:24]} {[%emt
00:00:51]} fxe6 {[%clk 00:10:28]} {[%emt 00:00:05]} 29. b5 {[%clk 00:08:20]}
{[%emt 00:00:34]} Kf7 {[%clk 00:10:44]} {[%emt 00:00:13]} 30. Rxf8+ {[%clk
00:07:48]} {[%emt 00:01:02]} 1-0

[Event "DVM U20 2020"]
[Site "Willingen GER"]
[Date "2021.06.24"]
[Round "2"]
[White "Holinka, Henning"]
[Black "Weller, Uli"]
[Result "1/2-1/2"]
[Termination "normal"]
[Board "3.2"]
[WhiteElo "2256"]
[BlackElo "2144"]
[WhiteClock "00:10:31"]
[BlackClock "00:04:38"]
[WhiteTeam "Hamburger SK von 1830"]
[BlackTeam "Schachfreunde Augsburg"]
[PlyCount "63"]
[WhiteFideId "12967084"]
[BlackFideId "12971782"]
[EventCountry "GER"]
[EventRounds "7"]
[EventType "team-swiss"]
[EventDate "2021.06.23"]

1. e4 {[%clk 01:30:56]} {[%emt 00:00:04]} e6 {[%clk 01:30:53]} {[%emt
00:00:09]} 2. Nc3 {[%clk 01:31:16]} {[%emt 00:00:08]} d5 {[%clk 01:31:10]}
{[%emt 00:00:14]} 3. Nf3 {[%clk 01:31:33]} {[%emt 00:00:14]} Nf6 {[%clk
01:31:07]} {[%emt 00:00:31]} 4. e5 {[%clk 01:31:36]} {[%emt 00:00:27]} Nfd7
{[%clk 01:31:23]} {[%emt 00:00:15]} 5. d4 {[%clk 01:31:58]} {[%emt 00:00:08]}
c5 {[%clk 01:31:31]} {[%emt 00:00:21]} 6. dxc5 {[%clk 01:32:10]} {[%emt
00:00:18]} Nc6 {[%clk 01:31:47]} {[%emt 00:00:14]} 7. Bf4 {[%clk 01:32:06]}
{[%emt 00:00:34]} Bxc5 {[%clk 01:31:37]} {[%emt 00:00:41]} 8. Bd3 {[%clk
01:30:50]} {[%emt 00:01:46]} f6 {[%clk 01:30:21]} {[%emt 00:01:45]} 9. Qe2
{[%clk 01:22:11]} {[%emt 00:09:09]} fxe5 {[%clk 01:29:19]} {[%emt 00:01:32]}
10. Nxe5 {[%clk 01:21:47]} {[%emt 00:00:55]} Ndxe5 {[%clk 01:29:02]} {[%emt
00:00:46]} 11. Bxe5 {[%clk 01:22:05]} {[%emt 00:00:12]} Nxe5 {[%clk 01:28:46]}
{[%emt 00:00:45]} 12. Qxe5 {[%clk 01:22:27]} {[%emt 00:00:09]} O-O {[%clk
01:21:45]} {[%emt 00:07:30]} 13. O-O-O {[%clk 01:11:36]} {[%emt 00:11:22]} Qf6
{[%clk 01:05:22]} {[%emt 00:16:52]} 14. Qxf6 {[%clk 01:08:53]} {[%emt
00:03:14]} Rxf6 {[%clk 01:02:55]} {[%emt 00:02:57]} 15. f3 {[%clk 01:08:20]}
{[%emt 00:01:02]} Bd7 {[%clk 00:54:10]} {[%emt 00:09:16]} 16. Rhe1 {[%clk
01:07:02]} {[%emt 00:01:49]} Rc8 {[%clk 00:47:09]} {[%emt 00:07:30]} 17. Bb5
{[%clk 01:04:01]} {[%emt 00:03:30]} Bc6 {[%clk 00:46:30]} {[%emt 00:01:10]} 18.
Bxc6 {[%clk 01:01:20]} {[%emt 00:03:12]} bxc6 {[%clk 00:45:06]} {[%emt
00:01:53]} 19. Na4 {[%clk 00:55:15]} {[%emt 00:06:36]} Bd6 {[%clk 00:44:45]}
{[%emt 00:00:50]} 20. h3 {[%clk 00:53:50]} {[%emt 00:01:55]} Kf7 {[%clk
00:37:27]} {[%emt 00:07:47]} 21. c4 {[%clk 00:51:59]} {[%emt 00:02:22]} h5
{[%clk 00:27:55]} {[%emt 00:10:02]} 22. Re2 {[%clk 00:48:04]} {[%emt 00:04:25]}
h4 {[%clk 00:21:58]} {[%emt 00:06:27]} 23. Kc2 {[%clk 00:42:59]} {[%emt
00:05:36]} Ke7 {[%clk 00:16:10]} {[%emt 00:06:17]} 24. b3 {[%clk 00:37:01]}
{[%emt 00:06:28]} Kd7 {[%clk 00:14:37]} {[%emt 00:02:03]} 25. Nb2 {[%clk
00:36:35]} {[%emt 00:00:56]} Rf5 {[%clk 00:07:48]} {[%emt 00:07:20]} 26. Nd3
{[%clk 00:33:23]} {[%emt 00:03:42]} a5 {[%clk 00:06:53]} {[%emt 00:01:24]} 27.
a4 {[%clk 00:28:59]} {[%emt 00:04:55]} Rg5 {[%clk 00:05:35]} {[%emt 00:01:47]}
28. Kc3 {[%clk 00:25:39]} {[%emt 00:03:50]} Rf8 {[%clk 00:04:58]} {[%emt
00:01:06]} 29. Kd4 {[%clk 00:18:18]} {[%emt 00:07:52]} Rb8 {[%clk 00:04:49]}
{[%emt 00:00:39]} 30. Kc3 {[%clk 00:16:58]} {[%emt 00:01:50]} Rf8 {[%clk
00:05:00]} {[%emt 00:00:19]} 31. Ra2 {[%clk 00:14:52]} {[%emt 00:02:37]} Rb8
{[%clk 00:04:38]} {[%emt 00:00:51]} 32. Re2 {[%clk 00:10:31]} {[%emt 00:04:50]}
1/2-1/2